LEADER 01264nlm 2200289z- 450 001 996379548203316 005 20201221090234.0 010 $a9780585474182 100 $a20160829d1998---- uy 101 0 $aeng 102 $aGB 135 $adrcnu 200 1 $aMathematics in transport planning and control$eproceedings of the 3. IMA International Conference on Mathematics in Transport Planning and Control$fedited by J.D. Griffiths 210 1 $aBingley$cEmerald$d1998 215 $aTesto elettronico (PDF) (V, 419 p.) 230 $aBase dati testuale 330 $aQuesto volume contiene quaranta dei documenti presentati alla Conferenza internazionale sulla "Matematica nella pianificazione e nel controllo dei trasporti" che si è tenuta presso l'Università di Cardiff dall'1 al 3 aprile 1998. 606 0 $aTrasporti$xPianificazione$xModelli matematici$xAtti di congressi$2BNCF 676 $a388.015118 702 1$aGRIFFITHS,$bJ. D. 710 12$aIMA international conference on mathematics in transport planning and control$d<3.$f; 1998$e; Cardiff>$0789996 801 0$bcba$aIT$bcba$gREICAT 912 $a996379548203316 959 $aEB 969 $aER 996 $aMathematics in transport planning and control$91763025 997 $aUNISA LEADER 01279nam a22003375i 4500 001 991002154479707536 007 cr nn 008mamaa 008 140303s2003 de | s |||| 0|eng d 020 $a9783540361251 035 $ab14129784-39ule_inst 040 $aBibl. Dip.le Aggr. Matematica e Fisica - Sez. Matematica$beng 082 04$a515.353$223 100 1 $aDolzmann, Georg$067423 245 10$aVariational methods for crystalline microstructure - analysis and computation$h[e-book] /$cby Georg Dolzmann 260 $aBerlin :$bSpringer,$c2003 300 $a1 online resource (viii, 212 p.) 440 0$aLecture Notes in Mathematics,$x1617-9692 ;$v1803 650 0$aMathematics 650 0$aDifferential equations, partial 650 0$aNumerical analysis 650 0$aMathematical physics 650 0$aMechanics 650 0$aCondensed matter 650 0$aCrystallography 773 0 $aSpringer eBooks 856 40$uhttp://dx.doi.org/10.1007/b10191$zAn electronic book accessible through the World Wide Web 907 $a.b14129784$b03-03-22$c05-09-13 912 $a991002154479707536 996 $aVariational methods for crystalline microstructure - analysis and computation$92983363 997 $aUNISALENTO 998 $ale013$b05-09-13$cm$d@ $e-$feng$gde $h0$i0 LEADER 02022nas 2200637-- 450 001 9910347860203321 005 20241117213015.0 035 $a(CKB)110978977282776 035 $a(CONSER)---63052508- 035 $a(EXLCZ)99110978977282776 100 $a20790713a19589999 --- a 101 0 $aeng 181 $ctxt$2rdacontent 182 $cc$2rdamedia 183 $acr$2rdacarrier 200 04$aThe Private library 210 $a[Pinner, Eng., etc.]$c[Private Libraries Association] 215 $a1 online resource 300 $aRefereed/Peer-reviewed 311 08$aPrint version: The Private library. (DLC) 63052508 (DLC)sn 79008098 (OCoLC)5167875 0032-8898 531 $aPRIVATE LIBRARY 531 0 $aPriv. Libr. 606 $aPrivate libraries$vPeriodicals 606 $aBibliography$vPeriodicals 606 $aBibliographies as Topic 606 $aBibliothèques privées$vPériodiques 606 $aBibliographie$vPériodiques 606 $aBibliographie 606 $abibliographies$2aat 606 $aBibliography$2fast$3(OCoLC)fst00831351 606 $aPrivate libraries$2fast$3(OCoLC)fst01077516 608 $aPeriodical. 608 $arare books.$2aat 608 $aperiodicals.$2aat 608 $aPeriodicals.$2fast 608 $aWood engravings$y1977.$2gmgpc 608 $aPeriodicals.$2lcgft 608 $aPeriodicals.$2rbgenr 608 $aPrivate press books (Printing)$2rbmscv 608 $aPrivate press books (Printing)$2rbpri 608 $aPériodiques.$2rvmgf 615 0$aPrivate libraries 615 0$aBibliography 615 2$aBibliographies as Topic. 615 6$aBibliothèques privées 615 6$aBibliographie 615 6$aBibliographie. 615 7$abibliographies. 615 7$aBibliography. 615 7$aPrivate libraries. 712 02$aPrivate Libraries Association, 906 $aJOURNAL 912 $a9910347860203321 920 $aexl_impl conversion 996 $aThe Private library$92081932 997 $aUNINA